Can you read the Metal logo? (Hard Mode) - Statistics

General Stats
  • This quiz has been taken 53 times
  • The average score is 11 of 30
Answer Stats
Picture Hint Answer % Correct
1 Word. 11. Gravecarver
100%
3 Words. 4, 2, 4. Full of Hell
93%
3 Words. 3, 10, 8. The Florentine Camerata
80%
3 Words. 3, 6, 7. The Zenith Passage
70%
2 Words. 6, 4. Devil's Reef
68%
2 Words. 9, 9. Inanimate Existence
65%
1 Word. 9. [Also, it's English, but written with Cyrillic lettering.] Cytotoxin
60%
4 Words. 5, 2, 3, 5. Signs of the Swarm
55%
3 Words. 5, 2, 10. Spawn of Possession
55%
1 Word. 11. Tridentifer
53%
1 Word. 10. Angelmaker
50%
6 Words. 3, 7, 4, 4, 4, 8. [A Robert Zemeckis classic has intimate times on a plane for a long time.] The Forrest Gump Mile High Marathon
45%
1 Word. 10. [This is an exceedingly gross take on wetland.] Spermswamp
40%
3 Words. 8, 2, 8. Spectrum of Delusion
38%
3 Words. 3, 6, 4. The Ritual Aura
38%
5 Words. 8, 3, 3, 3, 5. Arsonists Get All The Girls
30%
1 Word. 9. [That's a disgusting thing to do with an upper body.] Torsofuck
30%
1 Word. 6. Inferi
28%
1 Word. 8. [Technically not a Metal band, but this logo certainly looks the part doesn't it?] Polyphia
23%
1 Word. 6. Vektor
23%
2 Words. 3, 9. [The vast majority of major websites tend to use at least one of these.] The Algorithm
18%
2 Words (connected with hypen). 3, 2. Jig-Ai
15%
2 Words. 6, 7. [Be mean to your brain.] Mental Cruelty
15%
2 Words. 8, 8. Rendered Helpless
15%
3 Words. 12, 8, 7. [Weeb idolatry of trains with Waifus on them.] Dehumanizing Itatrain Worship
10%
1 Word. 10. [A giant monster monarch joins a band.] Grindzilla
10%
3 Words. 4, 2, 5. [Think Lovecraft.] Vale of Pnath
10%
2 Words. 11, 9. Cheerleader Concubine
5%
4 Words. 3, 4, 6, 8. [Shrek. That's the hint.] The Ogre Packet Slammers
3%
4 Words. 6, 2, 3, 8. [This name is taken from a real place up in Canada.] Valley of the Headless
3%
No matching quizzes found
Score Distribution
Percent of People with Each Score
Percentile by Number Answered
Your Score History
You have not taken this quiz